Hurricanes
| Main Author: | |
|---|---|
| Format: | Book |
| Published: |
New York :
AV by Weigl ,
2015
|
| Series: | Natural disasters
|
| Subjects: |
MARC
| LEADER | 00000cam a2200000 7i4500 | ||
|---|---|---|---|
| 001 | 0000194792 | ||
| 005 | 20160218.0 | ||
| 020 | |a 9781489612106 | ||
| 090 | 0 | 0 | |a 904 |b ZAY |
| 100 | 1 | |a Zayarny, Jack | |
| 245 | 1 | 0 | |a Hurricanes |c Jack Zayarny |
| 260 | |a New York : |b AV by Weigl , |c 2015 | ||
| 300 | |a 32p. : |b ill. ; |c 26cm. | ||
| 490 | 0 | |a Natural disasters | |
| 650 | 0 | |a Hurricanes |v Juvenile literature | |
| 999 | |a 00319913 |b BUKU |c JUNIOR BOOKS |e PERPUSTAKAAN KOMUNITI PETALING JAYA | ||